000
00322nam a2200145Ia 4500
003
OSt
005
20231211073634.0
008
170524s9999 xx 000 0 und d
020
_a
81-7992-239-1
040
_c
iimt
100
_a
NEALE
245
0
_a
50 ESSENTIAL MANAGEMENT
260
_a
TATA MC GRAW HILL
942
_2
ddc
_c
02
999
_c
2023
_d
2023